000 00309nam a22001097a 4500
040 _cRUA
082 _aFRA MAR 1983 C227 Or.
100 _aMars-Avril.
245 _aRecueil de Publications sur L'agrculture et la societe rural cambodgiennes.(Periode 1980-1996)
260 _aphnom penh
_brua
_c1983
942 _cEK
999 _c21327
_d21327